Music Quiz

Random Music or Country Quiz
Score 0/33 Timer 10:00
0 Plays Today
Year & Artist # 1 Country Hit % Correct
1980's
100%
1990's
99.3%
2000's
99.3%
1999 LonestarAmazed
55.9%
1997 Tim Mcgraw & Faith HillIt's Your Love
46.9%
1994 John Michael MontgomeryI Swear
42.8%
1982 Willie NelsonAlways on My Mind
42.1%
1996 Brooks & DunnMy Maria
41.4%
1989 Clint BlackA Better Man
40%
1991 Alan JacksonDon't Rock the Jukebox
40%
1984 Julio Iglesias & Willie NelsonTo All the Girls I've Loved Before
37.2%
1995 John Michael MontgomerySold ( The Grundy County Auction Incident )
36.6%
1993 Alan JacksonChattahoochee
35.9%
2004 Tim McGrawLive Like You Were Dying
35.9%
1988 Keith WhitleyDon't Close Your Eyes
35.2%
2000 Tobey KeithHow Do You Like Me Now ?
35.2%
2006 Rodney AtkinsIf Your Going Through Hell ( Before the Devil Even Knows )
33.1%
Year & Artist # 1 Country Hit % Correct
2007 Rodney AtkinsWatching You
29%
2008 James OttoJust Got Started Lovin You
26.9%
2005 Craig MorganThat's What I Love About Sunday
26.2%
1998 Tim McgrawJust to See You Smile
24.8%
2001 Brooks & DunnAin't Nothing 'Bout You
24.8%
2002 Kenny ChesneyThe Good Stuff
24.8%
2003 LonestarMy Front Porch Looking In
24.8%
2009 Lady AntebellumI Run to You
24.8%
1990 Clint BlackNobody's Home
24.1%
1983 Shelly WestJose Cuervo
23.4%
1992 WynonnaI Saw the Light
22.1%
1985 Ronnie MilsapLost in the Fifties Tonight
18.6%
1986 Roseanne CashNever Be You
15.2%
1981 Earl Thomas ConleyFire and Smoke
13.8%
1980 Ronnie Milsap 2 songsMy Heart / Silent Night ( After The Fight )
12.4%
1987 Michael JohnsonGive Me Wings
11.7%

You're not logged in!

Compare scores with friends on all Sporcle quizzes.
OR
Log In

Sporcle TV

Today on Sporcle TV


Watch our educational content, quiz creation guides, and fun videos on Sporcle TV.

Show Comments

Extras

Top Quizzes Today


Score Distribution

Paid Content

Your Account Isn't Verified!

In order to create a playlist on Sporcle, you need to verify the email address you used during registration. Go to your Sporcle Settings to finish the process.

Report this User

Report this user for behavior that violates our Community Guidelines.

Details: